Представление документа в формате MARC21

ПолеНазваниеЗначение
  Тип записи a
  Библиографический уровень m
001 Контрольный номер RU\infra-m\znanium\bibl\2217147
005 Дата корректировки 20260429142253.8
008 Кодируемые данные 250710s2025 RU g rus u
020 Индекс ISBN __
a ISBN 978-5-16-021220-3
020 Индекс ISBN __
a ISBN 978-5-16-103475-0 (электр. издание)
040 Источник каталогиз. __
a Служба первич. каталог. Общество с ограниченной ответственностью «ЗНАНИУМ»
041 Код языка издания __
a Код языка текста rus
044 Код страны публикации __
a Код страны публикации RU
080 Индекс УДК __
a Индекс УДК 621.3(075.8)
084 Индекс другой классификации/Индекс ББК __
2 Источник индекса rubbk
a Индекс другой классификации/Индекс ББК 31.2я73
084 Индекс другой классификации/Индекс ББК __
2 Источник индекса okso
a Индекс другой классификации/Индекс ББК 12.03.01
084 Индекс другой классификации/Индекс ББК __
2 Источник индекса okso
a Индекс другой классификации/Индекс ББК 12.03.02
084 Индекс другой классификации/Индекс ББК __
2 Источник индекса okso
a Индекс другой классификации/Индекс ББК 12.03.05
084 Индекс другой классификации/Индекс ББК __
2 Источник индекса okso
a Индекс другой классификации/Индекс ББК 13.03.02
084 Индекс другой классификации/Индекс ББК __
2 Источник индекса okso
a Индекс другой классификации/Индекс ББК 13.04.02
084 Индекс другой классификации/Индекс ББК __
2 Источник индекса okso
a Индекс другой классификации/Индекс ББК 15.03.05
084 Индекс другой классификации/Индекс ББК __
2 Источник индекса okso
a Индекс другой классификации/Индекс ББК 15.03.06
084 Индекс другой классификации/Индекс ББК __
2 Источник индекса okso
a Индекс другой классификации/Индекс ББК 21.03.01
084 Индекс другой классификации/Индекс ББК __
2 Источник индекса okso
a Индекс другой классификации/Индекс ББК 25.03.02
084 Индекс другой классификации/Индекс ББК __
2 Источник индекса okso
a Индекс другой классификации/Индекс ББК 25.03.04
084 Индекс другой классификации/Индекс ББК __
2 Источник индекса okso
a Индекс другой классификации/Индекс ББК 28.03.01
084 Индекс другой классификации/Индекс ББК __
2 Источник индекса okso
a Индекс другой классификации/Индекс ББК 28.03.02
100 Автор __
a Автор Чесноков А. В.
q Полное имя Чесноков Александр Владимирович
u Дополнение Российский государственный университет им. А.Н. Косыгина
245 Заглавие __
a Заглавие Теоретические положения и тестирование базовых знаний по электротехнике
b Продолж. заглавия Учебное пособие
c Ответственность Российский государственный университет им. А.Н. Косыгина
250 Сведения об издании __
a Основные сведения об издании 1
260 Выходные данные __
a Место издания Москва
b Издательство ООО "Научно-издательский центр ИНФРА-М"
c Дата издания 2026
300 Физическое описание __
a Объем 164 с.
440 Серия __
a Серия Высшее образование
520 Аннотация __
a Аннотация Учебное пособие содержит краткие теоретические сведения по электротехнике и электронике и подробные решения демонстрационных вариантов тестовых заданий представленных на сайте Росаккредагентства. Тематическая структура пособия определяется дидактическими единицами государственных образовательных стандартов которые в свою очередь состоят из подразделов — так называемых аттестационных педагогических измерительных материалов. Такая структура определяет специфику проведения и оценки результатов федерального экзамена в сфере профессионального образования по дисциплине основных образовательных программ. Предназначено для самостоятельной подготовки студентов высших учебных заведений к интернет-тестированию по электротехнике и электронике которое проводится в рамках ежегодного мониторинга качества учебного процесса. Также окажет помощь преподавателям при составлении тестовых заданий и экзаменационных билетов.
521 Примеч. о цел. назн. __
a Примеч. о целев. назн. ВО - Бакалавриат
650 Тематические рубрики __
a Основная рубрика Промышленность. Энергетика
x Основная подрубрика Электроэнергетика. Электротехника
655 Указ. предметных рубрик (устаревшее) __
a Жанр/ форма (устаревшее) Учебное пособие
700 Другие авторы __
a Другие авторы Поляков А. Е.
q Полное имя Поляков Анатолий Евгеньевич
u Дополнение Российский государственный университет им. А.Н. Косыгина
700 Другие авторы __
a Другие авторы Филимонова Е.М.
q Полное имя Филимонова Екатерина Михайловна
u Дополнение Российский государственный университет им. А.Н. Косыгина
856 Электронный адрес документа 4_
a Имя сервера/домена znanium.ru
m Помощь ebs_support@infra-m.ru
n Местонахождение сервера НИЦ ИНФРА-М
u URL https://znanium.ru/catalog/document?id=466846
856 Электронный адрес документа 48
a Имя сервера/домена znanium.ru
d Путь /cover/2217
f Электронное имя 2217147.jpg
q Тип электронного формата image/jpeg
u URL https://znanium.ru/cover/2217/2217147.jpg
911 __
u 0030=https://znanium.ru/catalog/document?id=466846